• 首页
  • 本馆介绍
  • 公告通知
  • 最新文献
  • 馆藏检索
  • 电子资源
  • 读者导购
  • 参考咨询
  • 我的图书馆
  • 登录
  • 详细信息显示
  • 放入我的书架
  • 预约/预借图书
  • 作者相关作品
  • 分类相关作品
  • 丛书相关作品
  • 出版社相关作品

书目信息

  • 表格格式
  • 工作单格式
  • 卡片格式
题名:
Linux基础及应用教程实验指导与实训
    
 
作者: 郭迎 , 梁建武 主编
分册:  
出版信息: 北京   中国水利水电出版社  2009.02
页数: 197页
开本: 26cm
丛书名:
单 册:
中图分类: TP316.81-33 , TP316.85
科图分类:
主题词: UNIX操作系统--实验--高等学校--教材 , UNIX操作系统
电子资源:
ISBN: 978-7-5084-6168-7
000 01003nam0 22002891 450
001 004122140
005 20100713053722.0
010    @a978-7-5084-6168-7@dCNY22.00
100    @a20090417d2009 em y0chiy50 ea
101 0  @achi
102    @aCN@b110000
105    @ay z 000yy
200 1  @aLinux基础及应用教程实验指导与实训@9Linux ji chu ji ying yong jiao cheng shi yan zhi dao yu shi xun@f郭迎,梁建武主编
210    @a北京@c中国水利水电出版社@d2009.02
215    @a197页@d26cm
300    @a21世纪高等院校规划教材
330    @a本书对Linux系统的应用技术做了全面的实训,主要包括Linux桌面应用、文件系统管理、用户管理、进程管理、网络管理、安全管理等实用操作知识。
606 0  @aUNIX操作系统@x实验@x高等学校@j教材
606 0  @aUNIX操作系统
610 0  @aLinux
690    @aTP316.81-33@v5
690    @aTP316.85@v5
701  0 @a郭迎@9guo ying@4主编
701  0 @a梁建武@9liang jian wu@c(计算机)@4主编
801  0 @aCN@b91MARC@c20101222
905    @aBZT@dTP316.85@e1
906    @dCNY22.00@n0@r1
    
    Linux基础及应用教程实验指导与实训/郭迎,梁建武主编.-北京:中国水利水电出版社,2009.02
    197页;26cm
    21世纪高等院校规划教材
    
    ISBN 978-7-5084-6168-7:CNY22.00
    本书对Linux系统的应用技术做了全面的实训,主要包括Linux桌面应用、文件系统管理、用户管理、进程管理、网络管理、安全管理等实用操作知识。
●
相关链接 在五车中查询图书 在当当中查询图书 在豆瓣中查询图书


正题名:Linux基础及应用教程实验指导与实训     索取号:TP316.85/1         预约/预借

序号 登录号 条形码 馆藏地/架位号 状态 备注
1 754318   2000754318   样本书库/样004架B面2层1列/ [索取号:TP316.85/1] 在馆    
2 754319   2000754319   中心书库中库/ 中库027架A面1列6层7/ [索取号:TP316.85/1] 在馆    
3 754320   2000754320   中心书库中库/ 中库027架A面1列6层6/ [索取号:TP316.85/1] 在馆    
4 754321   2000754321   中心书库中库/ 中库027架A面1列6层10/ [索取号:TP316.85/1] 在馆    
5 754322   2000754322   中心书库中库/ 中库027架A面1列6层9/ [索取号:TP316.85/1] 在馆    
6 754323   2000754323   中心书库中库/ 中库027架A面1列6层8/ [索取号:TP316.85/1] 在馆    
山东省滨州职业学院图书馆 欢迎您!
大连网信软件有限公司© 版权所有